000
00332nam a2200133Ia 4500
008
240624s9999 xx 000 0 und d
041
_a
eng
082
_a
823 BAL
100
_a
BALDACCI DAVID
245
_a
GUILTY GOING HOME CAN KILL YOU
260
_c
2015
_a
New Delhi
_b
Macmillan
300
_a
420 : p. : cm. ; 23
365
_c
RS
_b
32
999
_c
26794
_d
26794